• 首页
  • 本馆介绍
  • 公告通知
  • 最新文献
  • 馆藏检索
  • 电子资源
  • 读者导购
  • 参考咨询
  • 我的图书馆
  • 登录
  • 详细信息显示
  • 放入我的书架
  • 预约/预借图书
  • 作者相关作品
  • 分类相关作品
  • 丛书相关作品
  • 出版社相关作品

书目信息

  • 表格格式
  • 工作单格式
  • 卡片格式
题名:
康复医学概论
    
 
作者: 陈立典 主编
分册:  
出版信息: 北京   人民卫生出版社  2018.04
页数: 19, 155页
开本: 26cm
丛书名:
单 册:
中图分类: R49
科图分类:
主题词: 康复医学--医学院校--教材
电子资源:
ISBN: 978-7-117-26888-2
000 00965nam0 2200265 450
001 0108153916
005 20210322112650.95
010    @a978-7-117-26888-2@dCNY36.00
100    @a20181114d2018 em y0chiy50 ea
101 0  @achi
102    @aCN@b110000
105    @ay az 000yy
106    @ar
200 1  @a康复医学概论@Akang fu yi xue gai lun@f陈立典主编
205    @a2版
210    @a北京@c人民卫生出版社@d2018.04
215    @a19, 155页@d26cm
300    @a国家卫生和计划生育委员会“十三五”规划教材全国高等中医药教育教材供康复治疗学等专业用
320    @a有书目(第155页)
330    @a本书共分九章。重点介绍了康复和康复医学的概念、国际功能、残疾和健康分类、康复医学基础理论、工作内容与工作方式、康复医疗机构、社区康复、康复医疗文书、临床病症的全面康复、康复治疗师的职业要求等内容。
606 0  @a康复医学@x医学院校@j教材
690    @aR49@v5
701  0 @a陈立典@Achen li dian@4主编
801  0 @aCN@bBJSZM@c20210308
905    @b1273039-42@dR49@e144=2@f4
    
    康复医学概论/陈立典主编.-2版.-北京:人民卫生出版社,2018.04
    19, 155页;26cm
    国家卫生和计划生育委员会“十三五”规划教材全国高等中医药教育教材供康复治疗学等专业用
    
    ISBN 978-7-117-26888-2:CNY36.00
    本书共分九章。重点介绍了康复和康复医学的概念、国际功能、残疾和健康分类、康复医学基础理论、工作内容与工作方式、康复医疗机构、社区康复、康复医疗文书、临床病症的全面康复、康复治疗师的职业要求等内容。
●
相关链接 在E读中查询图书 在五车中查询图书 在当当中查询图书 在豆瓣中查询图书


正题名:康复医学概论     索取号:R49/144=2         预约/预借

序号 登录号 条形码 馆藏地/架位号 状态 备注
1 1273039   212730393   第二样本阅览室/ [索取号:R49/144=2] 在馆    
2 1273040   212730400   教育系资料室/ [索取号:R49/144=2] 在馆    
3 1273041   212730419   教育系资料室/ [索取号:R49/144=2] 在馆    
4 1273042   212730428   第三借阅区/ [索取号:R49/144=2] 在馆    
唐山师范学院图书馆 欢迎您!
大连网信软件有限公司© 版权所有